00895nam a2200229Ia 4500003000900000008004100009020001800050040001600068080002300084111008300107245022200190260003700412300001500449490002700464650002300491650001600514650001500530700002900545700002700574700002700601710003700628IN-BaIIA211028s9999 xx 000 0 eng d a0-7923-4803-6 cIIA Library a082.2:52bIAU-S179 aSymposium of the International Astronomical Unionn179thcUSAd1996 Aug. 26-30 0aNew horizons from multiwavelength sky surveybproceedings of the 179th symposium of the IAU held in Baltimore, USA, 26-30 August 1996cedited by Brian. J. McLean…[et al.]  aDordrechtbKluwer Academicc1998 axxx, 508p. aIAU symposium; no. 179 aGalactic astronomy aSky-surveys aWavelength aGolombek, Daniel A., ed. aHayes, Jeffrey J., ed. aMcLean, Brian. J., ed. aInternational Astronomical Union